| 000 | 01064cam a2200253 a 4500 | ||
|---|---|---|---|
| 001 | 000007315 | ||
| 005 | 20200929154130.0 | ||
| 008 | 930927s1992 ck a b 000 0 spa c | ||
| 010 | _a93211398 | ||
| 020 | _a9586120899 | ||
| 040 |
_aDO-SdBNP _bspa _cBNPHU _dDLC |
||
| 082 |
_a910.09861 _bM726v |
||
| 100 | 1 |
_aMollien, Gaspard Théodore, _d1796-1872. _920335 |
|
| 245 | 1 | 0 |
_aViaje por la república de Colombia en 1823 / _cGaspard-Théodore Mollien ; prólogo Carlos José Reyes. |
| 260 |
_aBogotá : _bComisión Quinto Centenario-Colombia ; _bInstituto Colombiano de Cultura, _cc1992. |
||
| 300 |
_a460 p. : _bil. ; _c24 cm. |
||
| 490 | 1 |
_aBiblioteca V Centenario Colcultura _aViajeros por Colombia |
|
| 490 | 1 |
_aBiblioteca popular de cultura colombiana _v46 |
|
| 504 | _aIncluye referencias bibliográficas. | ||
| 651 | 4 |
_aColombia _xDescripciones Y Viajes. _916997 |
|
| 700 | 1 |
_aReyes, Carlos José, _epról. _99872 |
|
| 830 | 0 |
_aBiblioteca V Centenario Colcultura, _pViajeros por Colombia _920309 |
|
| 830 | 0 |
_aBiblioteca popular de cultura colombiana ; _v46. _920336 |
|
| 999 |
_c7096 _d7096 |
||